| 000 | 00982nam a22002177a 4500 | ||
|---|---|---|---|
| 003 | BUBTL | ||
| 008 | 211212b ||||| |||| 00| 0 eng d | ||
| 020 | _a9847011601267 | ||
| 082 | _a954.925/ C4595b/ 2019 | ||
| 100 |
_94462 _aচেীধুরী, কবীর |
||
| 245 |
_aবঙ্গবন্ধু জননায়ক থেকে রাষ্ট্রনায়ক / _cকবীর চেীধুরী |
||
| 250 | _a1st Edn. | ||
| 260 |
_aঢাকা: _bঅন্বেষা প্রকাশন, _cc2019 |
||
| 300 |
_a512 p. : _c22 cm. |
||
| 505 | _aবঙ্গবন্ধু জননায়ক থেকে রাষ্ট্রনায়ক, বঙ্গবন্ধু, জননায়ক, রাষ্ট্রনায়ক, কবীর চেীধুরী | ||
| 650 | 0 |
_93573 _aবঙ্গবন্ধু |
|
| 650 | 0 |
_94372 _aBangabandhu |
|
| 856 |
_k0 _l0 _yDownload |
||
| 942 |
_2ddc _cBK |
||
| 999 |
_c6613 _d6613 |
||